Influence of Externalities on Business Environment bakalárska práca

Guardado en:
Detalles Bibliográficos
Autor principal: Kuniková, Klaudia
Autor Corporativo: Fakulta podnikového manažmentu EU. Katedra podnikovohospodárska
Otros Autores: Kintler, Jakub, 1979-
Formato: Libro
Lenguaje:inglés
Publicado: Bratislava 2020
Etiquetas: Agregar Etiqueta
Sin Etiquetas, Sea el primero en etiquetar este registro!

MARC

LEADER 00000nbm a2200000 4500
001 0266127
005 20201126130039.6
041 0 |a eng 
044 |a SK 
245 1 0 |a Influence of Externalities on Business Environment  |b bakalárska práca  |c Klaudia Kuniková ; školiteľ: Jakub Kintler 
264 1 |a Bratislava  |c 2020 
300 |a 52 s. 
100 1 |a Kuniková, Klaudia 
700 1 |a Kintler, Jakub, 1979- 
710 2 |a Fakulta podnikového manažmentu EU. Katedra podnikovohospodárska